000 00384nam a2200157Ia 4500
008 260223s2025 xx 000 0 und d
020 _a9789392330247
041 _aeng
082 _a610.73/VEN
100 _aVenkatesan.B
245 _aNursing Foundation Vol-I & II
250 _a1st ed.
260 _aB.S.B. Pune
_bEMMESS,Pub
_c2025
300 _a315P
650 _aFoundation .
999 _c1216640
_d1216640